| 000 | 00528cam a22001577a 4500 | ||
|---|---|---|---|
| 008 | 180718b1975 xxu||||| |||| 00| 0 eng d | ||
| 082 | _aJ4x47 B913 | ||
| 100 | _aBurghardt, Andrew F. | ||
| 245 |
_aDevelopment regions in the Soviet Union, Eastern Europe and Canada _cedited by Andrew F. Burghardt |
||
| 260 |
_aNew York _bPraeger _c1975 |
||
| 300 | _a192p. | ||
| 650 | _aRegional planning --Canada | ||
| 650 | _aRegional planning --Hungary | ||
| 650 | _aRegional planning --Poland | ||
| 650 | _aRegional planning --Soviet Union | ||
| 999 |
_c343027 _d343027 |
||